Corporate Going Green (Record no. 3969)

MARC details
000 -LEADER
fixed length control field 00340nam a22001577a 4500
005 - DATE AND TIME OF LATEST TRANSACTION
control field 20160625112823.0
008 - FIXED-LENGTH DATA ELEMENTS--GENERAL INFORMATION
fixed length control field 160625b xxu||||| |||| 00| 0 eng d
020 ## - INTERNATIONAL STANDARD BOOK NUMBER
ISBN 978-81-314-1576-4
041 ## - LANGUAGE CODE
Language code of text/sound track or separate title eng
082 ## - DEWEY DECIMAL CLASSIFICATION NUMBER
Item number 10036
245 ## - TITLE STATEMENT
Title Corporate Going Green
260 ## - PUBLICATION, DISTRIBUTION, ETC. (IMPRINT)
Name of publisher IUP
300 ## - PHYSICAL DESCRIPTION
Number of Pages 265
650 ## - SUBJECT ADDED ENTRY--TOPICAL TERM
Topical Term Management
942 ## - ADDED ENTRY ELEMENTS (KOHA)
Koha item type Books
Holdings
Lost status Damaged status Collection code Home library Current library Shelving location Date acquired Full call number Accession Number Koha item type
    LIFE SKILL JRU Library JRU Library SHELF-102-E 25/06/2016 10036 10036 Books